000 00912cab a2200265 4500
001 WB3039-03
008 090401t1994 xxu||||| |||| 00| 0 eng d
035 _a(Sirsi) u71103
041 _aeng
245 _aCONDAM and Coniac
260 _c1994
350 _a0
490 _aContract Journal
_v374(5894) 13 October 1994, 3(1)
520 _aConstruction leaders are concerned that the government decision to re-open consultation on the CONDAM regulations could undermine the work of the Construction Industry Advisory Committee on health and safety.
650 _aCONDAM REGULATIONS
650 _aCONIAC
650 _aCONSTRUCTION (DESIGN AND MANAGEMENT) REGULATIONS 1994
650 _aCONSTRUCTION INDUSTRY ADVISORY COMMITTEE
650 _aCONSTRUCTION SITES
650 _aHEALTH AND SAFETY
_96244
650 _aSITE SAFETY
690 _aBUILT ENVIRONMENT
942 _n0
948 _c04/03/1997
999 _c44792
_d44792